[Event "Panamericano Continental Femenino 2014"]
[Site "Centro de Convenciones. Palmira - Valle del Cauca - Colombia"]
[Date "2014.09.01"]
[Round "1"]
[White "Llaudy Pupo, Lisandra"]
[Black "Richards, Deborah"]
[Result "1-0"]
[WhiteElo "2235"]
[BlackElo "2042"]
[EventDate "2014.09.01"]
[Board "1"]
[PlyCount "75"]
[EventRounds "9"]
[EventCountry "COL"]

1.e4 c5 2.Nf3 e6 3.d4 cxd4 4.Nxd4 Nf6 5.Bd3 Nc6 6.Nxc6 bxc6 7.O-O e5 8.c4 
Be7 9.Nc3 O-O 10.Be3 d6 11.Qa4 Bd7 12.Qc2 Be6 13.Rfd1 Ng4 14.Bc1 Qb6 15.h3
Nf6 16.b3 Rad8 17.Na4 Qb8 18.Nc3 Qc8 19.Bg5 h6 20.Bxf6 Bxf6 21.b4 Be7 22.
a4 f5 23.exf5 Bxf5 24.Bxf5 Rxf5 25.b5 Rf4 26.bxc6 Qxc6 27.Nd5 Rf7 28.Qe4 
Qe8 29.Rab1 Bf8 30.Rb4 Qd7 31.Rdb1 Qe6 32.a5 Rc8 33.Rb7 Qf5 34.Qxf5 Rxf5 
35.Rxa7 Rf7 36.Rxf7 Kxf7 37.a6 Rc6 38.Ra1 1-0

[Event "Panamericano Continental Femenino 2014"]
[Site "Centro de Convenciones. Palmira - Valle del Cauca - Colombia"]
[Date "2014.09.01"]
[Round "1"]
[White "Rua, Nora"]
[Black "Perez Rodriguez, Jennifer"]
[Result "0-1"]
[WhiteElo "1943"]
[BlackElo "2225"]
[EventDate "2014.09.01"]
[Board "2"]
[PlyCount "92"]
[EventRounds "9"]
[EventCountry "COL"]

1.d4 Nf6 2.Nf3 e6 3.c4 Bb4+ 4.Bd2 a5 5.e3 b6 6.Bd3 Bb7 7.O-O O-O 8.a3 Be7 
9.Nc3 d6 10.Qe2 Nbd7 11.e4 e5 12.b4 exd4 13.Nxd4 Re8 14.Nd5 Nxd5 15.cxd5 
Bf6 16.Nc6 Bxc6 17.dxc6 Ne5 18.Rac1 axb4 19.axb4 d5 20.exd5 Qxd5 21.Be4 
Qe6 22.Rfe1 Rad8 23.f4 Ng4 24.g3 Bd4+ 25.Kf1 Ne3+ 26.Bxe3 Qxe4 27.Bg1 
Qxe2+ 28.Rxe2 Bxg1 29.Rxe8+ Rxe8 30.Kxg1 Rd8 31.Ra1 Kf8 32.Re1 Rd5 33.Kf2 
f6 34.Kf3 b5 35.Ke4 Rd2 36.Kf5 Kf7 37.Ke4 Ke6 38.f5+ Kd6 39.Rc1 Rb2 40.
Rd1+ Kxc6 41.Rd8 Rxb4+ 42.Kf3 Rc4 43.Rg8 b4 44.Rxg7 b3 45.Re7 b2 46.Re1 
Rc1 0-1

[Event "Panamericano Continental Femenino 2014"]
[Site "Centro de Convenciones. Palmira - Valle del Cauca - Colombia"]
[Date "2014.09.01"]
[Round "1"]
[White "Rivera Banqueth, Ingris"]
[Black "Dominguez Barrios, Laura Lucia"]
[Result "1-0"]
[WhiteElo "2221"]
[BlackElo "1915"]
[EventDate "2014.09.01"]
[Board "3"]
[PlyCount "89"]
[EventRounds "9"]
[EventCountry "COL"]

1.Nf3 Nf6 2.g3 c5 3.Bg2 g6 4.O-O Bg7 5.d4 cxd4 6.Nxd4 O-O 7.e4 Nc6 8.c3 d6
9.Nd2 Bd7 10.h3 Qc8 11.Kh2 h5 12.N2b3 Ne5 13.Re1 Nc4 14.Qe2 Rb8 15.a4 a6 
16.Bf1 Ne5 17.f4 Nc6 18.Bg2 e5 19.Nxc6 Qxc6 20.Qd3 Be6 21.Nd2 Rfe8 22.Nf3 
Rbd8 23.Ng5 Bc8 24.a5 Nh7 25.f5 Bf6 26.h4 Qd7 27.fxg6 fxg6 28.Qd5+ Kg7 29.
Bh3 Qe7 30.Bxc8 Rxc8 31.Nxh7 Kxh7 32.Be3 Rf8 33.Rad1 Rc6 34.Rf1 Kg7 35.Kg2
Qf7 36.Qd2 Re8 37.Bg5 Re6 38.Rf3 Qe8 39.Bxf6+ Rxf6 40.Rxf6 Kxf6 41.Qh6 Rc7
42.Rxd6+ Ke7 43.Rxg6 Kd8 44.Re6 Qb5 45.Qf8+ 1-0

[Event "Panamericano Continental Femenino 2014"]
[Site "Centro de Convenciones. Palmira - Valle del Cauca - Colombia"]
[Date "2014.09.01"]
[Round "1"]
[White "Bermudez Veliz, Josselyn"]
[Black "Franco Valencia, Angela"]
[Result "0-1"]
[WhiteElo "1733"]
[BlackElo "2208"]
[EventDate "2014.09.01"]
[Board "4"]
[PlyCount "68"]
[EventRounds "9"]
[EventCountry "COL"]

1.Nf3 d6 2.c4 e5 3.g3 f5 4.Bg2 e4 5.Nd4 d5 6.cxd5 Qxd5 7.Nc2 Nf6 8.Nc3 Qd8
9.b3 Bc5 10.Ba3 Bxa3 11.Nxa3 Nc6 12.O-O O-O 13.Rc1 Be6 14.Nc2 Rf7 15.Ne3 
Rd7 16.Rc2 Qe8 17.Na4 Nd4 18.Rb2 b6 19.Nc2 Rad8 20.Nxd4 Rxd4 21.Qc1 c5 22.
Rd1 f4 23.Nc3 Qh5 24.e3 f3 25.exd4 fxg2 26.Re1 Qh3 27.Rxe4 cxd4 28.Rh4 
dxc3 29.Qxc3 Qf5 30.Rf4 Qh5 31.Rb1 Qe2 32.Rd4 Nd5 33.Qd3 Qxd3 34.Rxd3 Bf5 
0-1

[Event "Panamericano Continental Femenino 2014"]
[Site "Centro de Convenciones. Palmira - Valle del Cauca - Colombia"]
[Date "2014.09.01"]
[Round "1"]
[White "Franco Valencia, Beatriz Irene"]
[Black "Cardoso Cardoso, Jaidy Marcela"]
[Result "1-0"]
[WhiteElo "2204"]
[BlackElo "1708"]
[EventDate "2014.09.01"]
[Board "5"]
[PlyCount "53"]
[EventRounds "9"]
[EventCountry "COL"]

1.d4 d5 2.c4 e6 3.Nc3 Nf6 4.Bg5 Be7 5.cxd5 exd5 6.e3 Nbd7 7.Bd3 h6 8.Bh4 
O-O 9.Qc2 b6 10.Nge2 Bb7 11.O-O c5 12.dxc5 bxc5 13.Rfd1 Ne5 14.Bxf6 Bxf6 
15.Be4 Nc4 16.Nxd5 Nxb2 17.Nxf6+ Qxf6 18.Bxb7 Nxd1 19.Rxd1 Rad8 20.Bd5 Qb6
21.e4 Rfe8 22.Ng3 Qb4 23.Rb1 Qa5 24.h3 Rb8 25.Nf5 Rb6 26.Rxb6 axb6 27.Qb2 
1-0

[Event "Panamericano Continental Femenino 2014"]
[Site "Centro de Convenciones. Palmira - Valle del Cauca - Colombia"]
[Date "2014.09.01"]
[Round "1"]
[White "Cayon, Laura Valentina"]
[Black "Orozco Lopez, Lina Yomayra"]
[Result "0-1"]
[WhiteElo "1650"]
[BlackElo "2138"]
[EventDate "2014.09.01"]
[Board "6"]
[PlyCount "30"]
[EventRounds "9"]
[EventCountry "COL"]

1.e4 c5 2.Nf3 a6 3.d4 cxd4 4.Nxd4 Nf6 5.Nc3 e5 6.Nf5 d5 7.Ng3 d4 8.Nce2 
Qb6 9.c3 Nc6 10.Qc2 Be6 11.Bd2 d3 12.Qxd3 Rd8 13.Be3 Qxb2 14.Qb1 Qa3 15.
Qxb7 Nb4 0-1

[Event "Panamericano Continental Femenino 2014"]
[Site "Centro de Convenciones. Palmira - Valle del Cauca - Colombia"]
[Date "2014.09.01"]
[Round "1"]
[White "Mateus Urbano, Martha"]
[Black "Viveros Torres, Erica Johana"]
[Result "1-0"]
[WhiteElo "2127"]
[BlackElo "1560"]
[EventDate "2014.09.01"]
[Board "7"]
[PlyCount "77"]
[EventRounds "9"]
[EventCountry "COL"]

1.e4 c5 2.Nf3 d6 3.c3 Nf6 4.Be2 Bd7 5.e5 Nd5 6.d4 Bc6 7.c4 Nb6 8.d5 Bd7 9.
O-O g6 10.exd6 exd6 11.Re1 Bg7 12.Bd3+ Kf8 13.Bg5 Bf6 14.Bh6+ Bg7 15.Qd2 
Na6 16.Qf4 Nc8 17.Nc3 Kg8 18.Re2 Nb4 19.Bb1 Qf6 20.a3 Na6 21.Ne4 Qxf4 22.
Bxf4 Bg4 23.Nxd6 Nxd6 24.Bxd6 f6 25.Bc2 Bf8 26.Bxf8 Kxf8 27.Rae1 Rd8 28.
Ba4 Nb8 29.Re8+ Kg7 30.R1e7+ Kh6 31.Rxh8 Rxh8 32.Rxb7 a6 33.Rc7 Rc8 34.
Rxc8 Bxc8 35.Nd2 Nd7 36.Bxd7 Bxd7 37.Ne4 f5 38.Nxc5 Bc8 39.d6 1-0

[Event "Panamericano Continental Femenino 2014"]
[Site "Centro de Convenciones. Palmira - Valle del Cauca - Colombia"]
[Date "2014.09.01"]
[Round "2"]
[White "Orozco Lopez, Lina Yomayra"]
[Black "Llaudy Pupo, Lisandra"]
[Result "1/2-1/2"]
[WhiteElo "2138"]
[BlackElo "2235"]
[EventDate "2014.09.01"]
[Board "1"]
[PlyCount "32"]
[EventRounds "9"]
[EventCountry "COL"]

1.e4 e6 2.d4 d5 3.Nd2 Nf6 4.e5 Nfd7 5.Ngf3 c5 6.c3 Nc6 7.Bd3 Qb6 8.O-O 
cxd4 9.cxd4 Nxd4 10.Nxd4 Qxd4 11.Nf3 Qb6 12.Qa4 Qb4 13.Qc2 Qc5 14.Qa4 Qb4 
15.Qc2 Qc5 16.Qa4 Qb4 1/2-1/2

[Event "Panamericano Continental Femenino 2014"]
[Site "Centro de Convenciones. Palmira - Valle del Cauca - Colombia"]
[Date "2014.09.01"]
[Round "2"]
[White "Perez Rodriguez, Jennifer"]
[Black "Franco Valencia, Beatriz Irene"]
[Result "1-0"]
[WhiteElo "2225"]
[BlackElo "2204"]
[EventDate "2014.09.01"]
[Board "2"]
[PlyCount "57"]
[EventRounds "9"]
[EventCountry "COL"]

1.d4 d6 2.e4 Nf6 3.Nc3 g6 4.Be3 Bg7 5.f3 c6 6.Qd2 h5 7.Bd3 Na6 8.a3 Nc7 9.
Nge2 a5 10.O-O Bd7 11.Na4 Na6 12.c4 c5 13.Nac3 cxd4 14.Bxd4 Nc5 15.Bxc5 
dxc5 16.e5 Nh7 17.Qe3 Qc7 18.f4 b6 19.Rad1 Rd8 20.Qg3 Kf8 21.Nd5 Qb8 22.
Bxg6 Bg4 23.Bd3 b5 24.h3 bxc4 25.Bxc4 Bxe2 26.Bxe2 Qxb2 27.Bxh5 e6 28.Nc7 
Qb8 29.Nxe6+ 1-0

[Event "Panamericano Continental Femenino 2014"]
[Site "Centro de Convenciones. Palmira - Valle del Cauca - Colombia"]
[Date "2014.09.01"]
[Round "2"]
[White "Romero Echeverria, Abigail"]
[Black "Rivera Banqueth, Ingris"]
[Result "1-0"]
[WhiteElo "2089"]
[BlackElo "2221"]
[EventDate "2014.09.01"]
[Board "3"]
[PlyCount "63"]
[EventRounds "9"]
[EventCountry "COL"]

1.e4 c5 2.Nf3 d6 3.c3 Nf6 4.Be2 Nc6 5.d3 e6 6.Nbd2 Be7 7.O-O O-O 8.Re1 a6 
9.a4 Rb8 10.d4 cxd4 11.cxd4 d5 12.e5 Ne4 13.Bd3 f5 14.exf6 Bxf6 15.Nxe4 
dxe4 16.Rxe4 Qd5 17.Bf4 Ra8 18.Rc1 g6 19.Qe2 Qb3 20.Bc4 Qxa4 21.d5 Na5 22.
Bd3 Qb3 23.dxe6 Qxb2 24.Qe1 Qa3 25.Re3 Qa4 26.e7 Re8 27.Be5 Bxe5 28.Nxe5 
b6 29.Nc6 Nxc6 30.Bc4+ Be6 31.Bxe6+ Kg7 32.Bd7 1-0

[Event "Panamericano Continental Femenino 2014"]
[Site "Centro de Convenciones. Palmira - Valle del Cauca - Colombia"]
[Date "2014.09.01"]
[Round "2"]
[White "Richards, Deborah"]
[Black "Mateus Urbano, Martha"]
[Result "1/2-1/2"]
[WhiteElo "2042"]
[BlackElo "2127"]
[EventDate "2014.09.01"]
[Board "5"]
[PlyCount "74"]
[EventRounds "9"]
[EventCountry "COL"]

1.Nf3 Nf6 2.d4 d6 3.c4 Nbd7 4.d5 c6 5.Nc3 cxd5 6.cxd5 g6 7.e4 Bg7 8.Be2 
Nc5 9.Qc2 Bg4 10.O-O Rc8 11.Bb5+ Bd7 12.Bxd7+ Qxd7 13.Qe2 O-O 14.Bd2 Na4 
15.Rab1 Rc5 16.Rfe1 Rfc8 17.Qd1 Rc4 18.e5 Nxc3 19.Bxc3 Ne4 20.Bd4 dxe5 21.
Bxe5 Qf5 22.Bxg7 Kxg7 23.Qd3 Nd6 24.Qe3 R8c7 25.h3 a6 26.Rbd1 Qf6 27.b3 
Rc2 28.Rc1 R7c3 29.Rxc2 Rxe3 30.fxe3 Ne4 31.Rc4 Nd6 32.Rc2 Nf5 33.e4 Qb6+ 
34.Kh2 Qd6+ 35.Kg1 Qb6+ 36.Kh2 Qd6+ 37.Kg1 Qb6+ 1/2-1/2

[Event "Panamericano Continental Femenino 2014"]
[Site "Centro de Convenciones. Palmira - Valle del Cauca - Colombia"]
[Date "2014.09.01"]
[Round "2"]
[White "Cardoso Cardoso, Jaidy Marcela"]
[Black "Rua, Nora"]
[Result "0-1"]
[WhiteElo "1708"]
[BlackElo "1943"]
[EventDate "2014.09.01"]
[Board "6"]
[PlyCount "34"]
[EventRounds "9"]
[EventCountry "COL"]

1.d4 Nf6 2.c4 c5 3.d5 e6 4.d6 Qb6 5.Nc3 a6 6.Na4 Qc6 7.Bf4 b5 8.cxb5 axb5 
9.Nxc5 Na6 10.Nxa6 Qxa6 11.e3 Ne4 12.a4 Qa5+ 13.Ke2 bxa4 14.Qd4 Ba6+ 15.
Kd1 Nxf2+ 16.Kc2 Rc8+ 17.Kb1 Bxf1 0-1

[Event "Panamericano Continental Femenino 2014"]
[Site "Centro de Convenciones. Palmira - Valle del Cauca - Colombia"]
[Date "2014.09.01"]
[Round "2"]
[White "Dominguez Barrios, Laura Lucia"]
[Black "Cayon, Laura Valentina"]
[Result "1-0"]
[WhiteElo "1915"]
[BlackElo "1650"]
[EventDate "2014.09.01"]
[Board "7"]
[PlyCount "22"]
[EventRounds "9"]
[EventCountry "COL"]

1.e4 e6 2.d4 d5 3.Nd2 Nf6 4.e5 Nfd7 5.Bd3 c5 6.c3 Nc6 7.Ne2 cxd4 8.cxd4 f6
9.exf6 Nxf6 10.Nf3 Bd6 11.O-O Qc7 1-0

[Event "Panamericano Continental Femenino 2014"]
[Site "Centro de Convenciones. Palmira - Valle del Cauca - Colombia"]
[Date "2014.09.01"]
[Round "2"]
[White "Viveros Torres, Erica Johana"]
[Black "Bermudez Veliz, Josselyn"]
[Result "0-1"]
[WhiteElo "1560"]
[BlackElo "1733"]
[EventDate "2014.09.01"]
[Board "8"]
[PlyCount "57"]
[EventRounds "9"]
[EventCountry "COL"]

1.e4 c5 2.Nf3 Nc6 3.d4 cxd4 4.Nxd4 g6 5.Nc3 Bg7 6.Be3 Nf6 7.Bc4 O-O 8.Bb3 
Ng4 9.Qd2 Nxe3 10.fxe3 b6 11.O-O-O Bb7 12.g4 Rc8 13.h4 Ne5 14.Rdg1 Nc4 15.
Qe2 Na5 16.g5 Nxb3+ 17.axb3 a6 18.h5 Qc7 19.Qf2 f6 20.hxg6 hxg6 21.Qh4 Kf7
22.Qg4 Ke8 23.Rh7 f5 24.exf5 Qe5 25.f6 exf6 26.Nf3 Qxe3+ 27.Kb1 Bxf3 28.
Rg3 Qe1+ 29.Ka2 0-1

[Event "Panamericano Continental Femenino 2014"]
[Site "Centro de Convenciones. Palmira - Valle del Cauca - Colombia"]
[Date "2014.09.02"]
[Round "3"]
[White "Franco Valencia, Angela"]
[Black "Perez Rodriguez, Jennifer"]
[Result "1/2-1/2"]
[WhiteElo "2208"]
[BlackElo "2225"]
[EventDate "2014.09.01"]
[Board "1"]
[PlyCount "39"]
[EventRounds "9"]
[EventCountry "COL"]

1.e4 e5 2.Nf3 Nc6 3.Bc4 Nf6 4.d3 Be7 5.O-O O-O 6.Re1 d6 7.a4 Na5 8.Ba2 c5 
9.c3 Nc6 10.h3 Be6 11.Bxe6 fxe6 12.d4 exd4 13.cxd4 d5 14.exd5 exd5 15.Nc3 
c4 16.Ng5 Qd7 17.Ne6 Rf7 18.Ng5 Rff8 19.Ne6 Rf7 20.Ng5 1/2-1/2

[Event "Panamericano Continental Femenino 2014"]
[Site "Centro de Convenciones. Palmira - Valle del Cauca - Colombia"]
[Date "2014.09.02"]
[Round "3"]
[White "Llaudy Pupo, Lisandra"]
[Black "Romero Echeverria, Abigail"]
[Result "0-1"]
[WhiteElo "2235"]
[BlackElo "2089"]
[EventDate "2014.09.01"]
[Board "2"]
[PlyCount "72"]
[EventRounds "9"]
[EventCountry "COL"]

1.e4 c5 2.Nf3 e6 3.d4 cxd4 4.Nxd4 a6 5.Bd3 Nf6 6.c4 d6 7.Nc3 b6 8.O-O Bb7 
9.Be3 g6 10.f4 Nbd7 11.b4 Rc8 12.Rc1 Bg7 13.Nb3 O-O 14.Kh1 Qe7 15.a3 Nh5 
16.Be2 Nhf6 17.Qd3 Rfd8 18.Rfd1 Ba8 19.Bf2 Ne8 20.Re1 Qf6 21.Qe3 b5 22.c5 
Bh6 23.Bg3 e5 24.Rf1 dxc5 25.bxc5 Qe6 26.Bd1 Nef6 27.Qf2 Nxe4 28.Nxe4 Bxe4
29.Na5 exf4 30.Bxf4 Bxf4 31.Qxf4 Nxc5 32.Qg5 Rd5 33.Qg3 Re8 34.Nb3 Nd3 35.
Rc7 Rf5 36.Bf3 Qxb3 0-1

[Event "Panamericano Continental Femenino 2014"]
[Site "Centro de Convenciones. Palmira - Valle del Cauca - Colombia"]
[Date "2014.09.02"]
[Round "3"]
[White "Mateus Urbano, Martha"]
[Black "Orozco Lopez, Lina Yomayra"]
[Result "1-0"]
[WhiteElo "2127"]
[BlackElo "2138"]
[EventDate "2014.09.01"]
[Board "3"]
[PlyCount "57"]
[EventRounds "9"]
[EventCountry "COL"]

1.e4 c5 2.Nf3 a6 3.c3 Nf6 4.e5 Nd5 5.d4 cxd4 6.cxd4 d6 7.Nc3 Nxc3 8.bxc3 
d5 9.Bd3 Bg4 10.h3 Bh5 11.e6 fxe6 12.g4 Bf7 13.Ne5 Qc8 14.O-O Bg8 15.Be3 
Nd7 16.f4 g6 17.Qb3 Bg7 18.Rab1 b5 19.a4 g5 20.Nxd7 Qxd7 21.axb5 a5 22.b6 
Qb7 23.Qa4+ Kd8 24.Rb5 Rc8 25.Qxa5 h5 26.Rc5 Ra8 27.Qb5 Rc8 28.Ra1 Rxc5 
29.dxc5 1-0

[Event "Panamericano Continental Femenino 2014"]
[Site "Centro de Convenciones. Palmira - Valle del Cauca - Colombia"]
[Date "2014.09.02"]
[Round "3"]
[White "Franco Valencia, Beatriz Irene"]
[Black "Dominguez Barrios, Laura Lucia"]
[Result "1-0"]
[WhiteElo "2204"]
[BlackElo "1915"]
[EventDate "2014.09.01"]
[Board "5"]
[PlyCount "67"]
[EventRounds "9"]
[EventCountry "COL"]

1.d4 Nf6 2.c4 g6 3.Nc3 Bg7 4.e4 d6 5.f4 O-O 6.Nf3 c5 7.d5 Bg4 8.Bd3 e6 9.
O-O exd5 10.cxd5 Re8 11.h3 Bxf3 12.Qxf3 Nbd7 13.Be3 a6 14.a4 b6 15.Rae1 
Qc7 16.b3 Re7 17.e5 Ne8 18.Ne4 Rd8 19.e6 fxe6 20.Ng5 exd5 21.Qxd5+ Kh8 22.
Nf7+ Rxf7 23.Qxf7 Ndf6 24.Qc4 d5 25.Qxa6 Nd7 26.Bb1 c4 27.bxc4 d4 28.Bd2 
Nd6 29.c5 Nxc5 30.Qe2 Nxa4 31.f5 gxf5 32.Bxf5 Nc3 33.Qh5 Nxf5 34.Re8+ 1-0

[Event "Panamericano Continental Femenino 2014"]
[Site "Centro de Convenciones. Palmira - Valle del Cauca - Colombia"]
[Date "2014.09.02"]
[Round "3"]
[White "Bermudez Veliz, Josselyn"]
[Black "Richards, Deborah"]
[Result "0-1"]
[WhiteElo "1733"]
[BlackElo "2042"]
[EventDate "2014.09.01"]
[Board "7"]
[PlyCount "84"]
[EventRounds "9"]
[EventCountry "COL"]

1.Nf3 Nf6 2.c4 c6 3.g3 d5 4.b3 Bg4 5.Ne5 Bf5 6.Bb2 Nbd7 7.Bg2 e6 8.O-O Bd6
9.Nxd7 Qxd7 10.d4 h5 11.Nd2 h4 12.Re1 hxg3 13.fxg3 Qc7 14.Nf1 Ne4 15.Bxe4 
Bxe4 16.c5 Be7 17.e3 O-O-O 18.Qg4 g5 19.Nd2 Bg6 20.Qf3 Rh7 21.e4 Rdh8 22.
Qf2 Qa5 23.Nf1 Bxe4 24.Rxe4 dxe4 25.Qe3 f5 26.Bc3 Qb5 27.Rd1 Rd8 28.b4 e5 
29.a3 Bf6 30.Rd2 exd4 31.Bxd4 Bxd4 32.Rxd4 Rxd4 33.Qxd4 Qd3 34.Qe5 Rd7 35.
Qe6 Qd5 36.Qg6 f4 37.gxf4 gxf4 38.Qg4 Qd4+ 39.Kh1 Qf2 40.Qg8+ Kc7 41.Qc4 
Rg7 42.Ng3 fxg3 0-1

[Event "Panamericano Continental Femenino 2014"]
[Site "Centro de Convenciones. Palmira - Valle del Cauca - Colombia"]
[Date "2014.09.02"]
[Round "3"]
[White "Cayon, Laura Valentina"]
[Black "Cardoso Cardoso, Jaidy Marcela"]
[Result "0-1"]
[WhiteElo "1650"]
[BlackElo "1708"]
[EventDate "2014.09.01"]
[Board "8"]
[PlyCount "22"]
[EventRounds "9"]
[EventCountry "COL"]

1.e4 c5 2.Nf3 Nc6 3.d4 cxd4 4.Nxd4 g6 5.Nc3 Bg7 6.Be3 Nf6 7.f3 Qb6 8.Nf5 
Qxb2 9.Nxg7+ Kf8 10.Nd5 Kxg7 11.Bc1 Qe5 0-1

[Event "Panamericano Continental Femenino 2014"]
[Site "Centro de Convenciones. Palmira - Valle del Cauca - Colombia"]
[Date "2014.09.03"]
[Round "4"]
[White "Romero Echeverria, Abigail"]
[Black "Franco Valencia, Angela"]
[Result "1-0"]
[WhiteElo "2089"]
[BlackElo "2208"]
[EventDate "2014.09.01"]
[Board "1"]
[PlyCount "69"]
[EventRounds "9"]
[EventCountry "COL"]

1.e4 c5 2.Nf3 d6 3.c3 Nf6 4.Be2 Nc6 5.d4 cxd4 6.cxd4 Nxe4 7.d5 Qa5+ 8.Nc3 
Nxc3 9.bxc3 Ne5 10.O-O Nxf3+ 11.Bxf3 Bd7 12.Be3 Rc8 13.Re1 Rc7 14.Qd4 b6 
15.Rec1 e5 16.dxe6 Bxe6 17.a4 Rc4 18.Qd1 Be7 19.Be2 Rc7 20.Bb5+ Bd7 21.c4 
a6 22.Bd2 Qxd2 23.Qxd2 axb5 24.cxb5 Rc5 25.Rxc5 dxc5 26.Qd5 Be6 27.Qc6+ 
Bd7 28.Qa8+ Bd8 29.Re1+ Be6 30.Qc6+ Ke7 31.f4 Kf6 32.g4 g6 33.a5 bxa5 34.
b6 Be7 35.Qc7 1-0

[Event "Panamericano Continental Femenino 2014"]
[Site "Centro de Convenciones. Palmira - Valle del Cauca - Colombia"]
[Date "2014.09.03"]
[Round "4"]
[White "Perez Rodriguez, Jennifer"]
[Black "Mateus Urbano, Martha"]
[Result "0-1"]
[WhiteElo "2225"]
[BlackElo "2127"]
[EventDate "2014.09.01"]
[Board "2"]
[PlyCount "68"]
[EventRounds "9"]
[EventCountry "COL"]

1.e4 c5 2.c3 d5 3.exd5 Qxd5 4.d4 Nf6 5.Nf3 Bg4 6.Nbd2 Nc6 7.Bc4 Bxf3 8.Qb3
Na5 9.Qb5+ Qd7 10.Nxf3 Nxc4 11.Qxc4 cxd4 12.Nxd4 e6 13.Bg5 Rc8 14.Qb3 Ne4 
15.Bf4 g5 16.Be3 Nc5 17.Qc2 e5 18.Qe2 exd4 19.Bxd4+ Be7 20.Bxh8 Nd3+ 21.
Kf1 Nf4 22.Qf3 Qb5+ 23.Ke1 f6 24.Rd1 Qxb2 25.g3 Rxc3 26.Bxf6 Bxf6 27.Qe4+ 
Kf8 28.gxf4 Rc2 29.fxg5 Bc3+ 30.Kf1 Rxf2+ 31.Kg1 Rf7 32.Rd8+ Kg7 33.Qh4 
Qb6+ 34.Kg2 Qxd8 0-1

[Event "Panamericano Continental Femenino 2014"]
[Site "Centro de Convenciones. Palmira - Valle del Cauca - Colombia"]
[Date "2014.09.03"]
[Round "4"]
[White "Rua, Nora"]
[Black "Rivera Banqueth, Ingris"]
[Result "0-1"]
[WhiteElo "1943"]
[BlackElo "2221"]
[EventDate "2014.09.01"]
[Board "3"]
[PlyCount "58"]
[EventRounds "9"]
[EventCountry "COL"]

1.d4 Nf6 2.Nf3 g6 3.Bf4 d6 4.e3 Nh5 5.Bg5 h6 6.Bh4 Bg7 7.Be2 c5 8.c3 Qb6 
9.Qd2 g5 10.Bg3 Nxg3 11.hxg3 Bf5 12.Na3 Nd7 13.Nc4 Qc7 14.Bd3 Be6 15.b3 b5
16.Nb2 c4 17.bxc4 bxc4 18.Bc2 Rb8 19.Na4 Qa5 20.O-O Nf6 21.Rab1 O-O 22.Nb2
g4 23.Nh4 Qxa2 24.Ra1 Qxb2 25.Rfb1 Ne4 26.Qd1 Nxc3 27.Rxb2 Nxd1 28.Rxb8 
Rxb8 29.Bxd1 Bf6 0-1

[Event "Panamericano Continental Femenino 2014"]
[Site "Centro de Convenciones. Palmira - Valle del Cauca - Colombia"]
[Date "2014.09.03"]
[Round "4"]
[White "Llaudy Pupo, Lisandra"]
[Black "Franco Valencia, Beatriz Irene"]
[Result "1-0"]
[WhiteElo "2235"]
[BlackElo "2204"]
[EventDate "2014.09.01"]
[Board "4"]
[PlyCount "59"]
[EventRounds "9"]
[EventCountry "COL"]

1.e4 c6 2.Nf3 g6 3.d4 d5 4.Nc3 Bg7 5.h3 Nh6 6.Bf4 dxe4 7.Nxe4 Qa5+ 8.Bd2 
Qb6 9.c4 Bf5 10.Bd3 Bxe4 11.Bxe4 Qxb2 12.Rb1 Qxa2 13.Qc1 Nf5 14.Ra1 Qb3 
15.Ra3 Qb6 16.Ba5 Qa6 17.Bc7 Nxd4 18.Nxd4 Bxd4 19.Rxa6 Nxa6 20.Bg3 Nc5 21.
Bb1 a5 22.O-O O-O 23.Re1 e6 24.h4 a4 25.Be5 Rfd8 26.Qg5 Bxe5 27.Qxe5 Ra5 
28.h5 Rd7 29.h6 f5 30.Qb8+ 1-0

[Event "Panamericano Continental Femenino 2014"]
[Site "Centro de Convenciones. Palmira - Valle del Cauca - Colombia"]
[Date "2014.09.03"]
[Round "4"]
[White "Orozco Lopez, Lina Yomayra"]
[Black "Richards, Deborah"]
[Result "0-1"]
[WhiteElo "2138"]
[BlackElo "2042"]
[EventDate "2014.09.01"]
[Board "5"]
[PlyCount "116"]
[EventRounds "9"]
[EventCountry "COL"]

1.e4 c5 2.Nf3 e6 3.d4 cxd4 4.Nxd4 Nf6 5.Nc3 d6 6.g3 Nc6 7.Bg2 Qb6 8.Nb3 e5
9.Bg5 Be6 10.O-O Qd8 11.Qd3 h6 12.Bxf6 Qxf6 13.Rad1 Qd8 14.f4 exf4 15.gxf4
Be7 16.f5 Bxb3 17.axb3 O-O 18.Nd5 Bf6 19.Qg3 Be5 20.Qh3 Kh7 21.f6 g6 22.c3
Qc8 23.Qh4 Rh8 24.Rd3 Kg8 25.b4 Kf8 26.Kh1 Nd8 27.Bh3 Qc4 28.Rdf3 g5 29.
Qe1 Ne6 30.b3 Qxb3 31.Qe2 Qa4 32.Bxe6 fxe6 33.Nc7 Rc8 34.Nxe6+ Kf7 35.Nd4 
Bxd4 36.cxd4 Rc2 37.Qd3 Qa2 38.Rh3 a6 39.e5 Qd5+ 40.Rhf3 Rc4 41.Qf5 dxe5 
42.dxe5 g4 43.e6+ Qxe6 44.Qxe6+ Kxe6 45.Re3+ Kd6 46.f7 Rcc8 47.Rd1+ Kc7 
48.Rc1+ Kd7 49.Rd1+ Kc7 50.Re7+ Kb6 51.Rd6+ Ka7 52.Rdd7 Rb8 53.Kg2 h5 54.
Kg3 Kb6 55.Kf4 Kc6 56.Kf5 b6 57.Kg6 h4 58.Rd3 Kb5 0-1

[Event "Panamericano Continental Femenino 2014"]
[Site "Centro de Convenciones. Palmira - Valle del Cauca - Colombia"]
[Date "2014.09.03"]
[Round "4"]
[White "Dominguez Barrios, Laura Lucia"]
[Black "Viveros Torres, Erica Johana"]
[Result "1-0"]
[WhiteElo "1915"]
[BlackElo "1560"]
[EventDate "2014.09.01"]
[Board "6"]
[PlyCount "55"]
[EventRounds "9"]
[EventCountry "COL"]

1.e4 c5 2.Nf3 d6 3.d4 cxd4 4.Nxd4 Nf6 5.Nc3 Nc6 6.Bc4 e6 7.Be3 a6 8.Bb3 
Bd7 9.Qe2 b5 10.O-O-O Be7 11.Nxc6 Bxc6 12.e5 Nd7 13.exd6 Bf6 14.Nd5 O-O 
15.Nxf6+ Qxf6 16.f3 a5 17.c3 a4 18.Bc2 a3 19.b3 Qxc3 20.Bd4 Qb4 21.Qd3 g6 
22.Bc3 Qf4+ 23.Kb1 Rfb8 24.h4 Bd5 25.h5 b4 26.Bd4 Qxd6 27.hxg6 hxg6 28.
Rh8# 1-0

[Event "Panamericano Continental Femenino 2014"]
[Site "Centro de Convenciones. Palmira - Valle del Cauca - Colombia"]
[Date "2014.09.03"]
[Round "5"]
[White "Mateus Urbano, Martha"]
[Black "Romero Echeverria, Abigail"]
[Result "1-0"]
[WhiteElo "2127"]
[BlackElo "2089"]
[EventDate "2014.09.01"]
[Board "1"]
[PlyCount "129"]
[EventRounds "9"]
[EventCountry "COL"]

1.e4 c5 2.Nf3 e6 3.c3 Nf6 4.e5 Nd5 5.d4 cxd4 6.cxd4 d6 7.Bc4 Be7 8.O-O O-O
9.Qe2 b6 10.Nc3 dxe5 11.Nxe5 Bb7 12.Re1 Nxc3 13.bxc3 Bd5 14.Bd3 Nd7 15.Bf4
Nf6 16.c4 Bb7 17.Red1 Rc8 18.Rab1 g6 19.Bc2 Nh5 20.Bh6 Ng7 21.Rb3 Bg5 22.
Bxg5 Qxg5 23.Rg3 Qe7 24.Re3 Rfd8 25.d5 b5 26.Rf3 f6 27.Ng4 Nh5 28.Re3 Ng7 
29.Qf3 f5 30.Ne5 bxc4 31.Qf4 Rxd5 32.Rxd5 Bxd5 33.Qh6 Qf6 34.h3 Rd8 35.Qf4
g5 36.Qd4 Be4 37.Qc3 Bd3 38.Ba4 f4 39.Re1 Nf5 40.Qa5 Rd5 41.Qc7 Nd4 42.
Nxd3 cxd3 43.Rb1 Rd8 44.Rb7 Nf5 45.Qxh7+ Kf8 46.Bd1 d2 47.Kh2 Nd6 48.Rxa7 
f3 49.g3 Nf7 50.Qh5 Kg7 51.Ra3 Qg6 52.Qxf3 Rd7 53.Ra8 Qf5 54.Qc3+ e5 55.
Qc5 Nh6 56.Ra7 Rxa7 57.Qxa7+ Nf7 58.Qe3 Qd7 59.a4 Kf6 60.a5 Nd6 61.Qxd2 
Qc6 62.Qe3 Nc4 63.Qf3+ Qxf3 64.Bxf3 Nxa5 65.Bd5 1-0